Indian Manager (Record no. 6833)

MARC details
000 -LEADER
fixed length control field 00371nam a2200133Ia 4500
022 ## - INTERNATIONAL STANDARD SERIAL NUMBER
ISSN 0046-9025
245 #0 - TITLE STATEMENT
Title Indian Manager
260 ## - PUBLICATION, DISTRIBUTION, ETC. (IMPRINT)
Name of publisher Foundation of management Education
Place of publication Cochin
500 ## - GENERAL NOTE
General note Ending Volume & Year: 15, 1985
500 ## - GENERAL NOTE
General note Missing Volume: 14
500 ## - GENERAL NOTE
General note Starting Volume & Year: 2, 1971
942 ## - ADDED ENTRY ELEMENTS (KOHA)
Koha item type Bound Journal
Holdings
Withdrawn status Lost status Damaged status Not for loan Home library Current library Date acquired Accession Number Koha item type
      Bound journals RRII Library RRII Library 31/12/2021 06796J Bound Journal